000 00364nam a2200169Ia 4500
008 221030s9999 xx 000 0 und d
020 _a8176569402
041 _aEnglish
082 _a105.23
_bKan
100 _aY. Kanetkar
245 0 _aLet Us C
250 _a5th
260 _bBPB Pub
_aNew Delhi
_c2004
300 _a746
650 _aComputers
942 _cBK
999 _c8678
_d8678